| 000 -LEADER |
| fixed length control field |
02855cam a2200265 i 4500 |
| 020 ## - INTERNATIONAL STANDARD BOOK NUMBER |
| ISBN |
9781422193440 (hardback) |
| 040 ## - CATALOGING SOURCE |
| Transcribing agency |
DLC |
| 082 00 - DEWEY DECIMAL CLASSIFICATION NUMBER |
| Classification number |
658 HAR 2014 A113 Or. |
| 100 1# - MAIN ENTRY--AUTHOR NAME |
| Personal name |
Sastry, Anjali. |
| 245 10 - TITLE STATEMENT |
| Title |
Fail better : |
| Remainder of title |
design smart mistakes and succeed sooner / |
| 300 ## - PHYSICAL DESCRIPTION |
| Number of Pages |
ix, 318 pages : |
| Other physical details |
illustrations; |
| Dimensions |
25 cm |
| 520 ## - SUMMARY, ETC. |
| Summary, etc |
"A usable method for learning from failure Everyone is talking about failure these days. It's ok to fail-it's how you learn. But how exactly do you take failure's lessons and roll them into future success? Until now, there was no repeatable method for doing so. In this book, Anjali Sastry (MIT) and Kara Penn (Mission Spark) provide the missing link: a feedback loop that teaches us how to learn from our mistakes. The step-by-step process they suggest is easy, usable, and repeatable. The authors teach us how to adopt the process and guide us to putting it in place. The book is filled with stories of organizations and teams that have used the method, and includes a practically-oriented "how to" section to help teams move on from failure, as well as key findings drawn from relevant literature on learning, innovation, and psychology that underpin this approach. For anyone-innovators, engineers, managers, change-makers, and executives-who isn't afraid to fail, this book will help you pick up the pieces and apply them to future successes. "-- |
| 520 ## - SUMMARY, ETC. |
| Summary, etc |
"Everyone is talking about failure these days. It's ok to fail--it's how you learn. But how exactly do you take failure's lessons and roll them into future success? Until now, there was no repeatable method for doing so. In this book, Anjali Sastry (MIT) and Kara Penn (Mission Spark) provide the missing link: a feedback loop that teaches us how to learn from our mistakes. The step-by-step process they suggest is easy, usable, and repeatable. The authors teach us how to adopt the process and guide us to putting it in place. The book is filled with stories of organizations and teams that have used the method, and includes a practically-oriented "how to" section to help teams move on from failure, as well as key findings drawn from relevant literature on learning, innovation, and psychology that underpin this approach. For anyone--innovators, engineers, managers, change-makers, and executives--who isn't afraid to fail, this book will help you pick up the pieces and apply them to future successes"-- |
| 650 #0 - SUBJECT ADDED ENTRY--TOPICAL TERM |
| Topical Term |
Business planning. |
| 650 #0 - SUBJECT ADDED ENTRY--TOPICAL TERM |
| Topical Term |
Business failures. |
| 650 #0 - SUBJECT ADDED ENTRY--TOPICAL TERM |
| Topical Term |
Failure (Psychology) |
| 650 #0 - SUBJECT ADDED ENTRY--TOPICAL TERM |
| Topical Term |
Problem solving. |
| 650 #0 - SUBJECT ADDED ENTRY--TOPICAL TERM |
| Topical Term |
Management. |
| 650 #0 - SUBJECT ADDED ENTRY--TOPICAL TERM |
| Topical Term |
Success in business. |
| 650 #7 - SUBJECT ADDED ENTRY--TOPICAL TERM |
| Topical Term |
BUSINESS & ECONOMICS / Strategic Planning. |
| 650 #7 - SUBJECT ADDED ENTRY--TOPICAL TERM |
| Topical Term |
BUSINESS & ECONOMICS / Decision-Making & Problem Solving. |
| 650 #7 - SUBJECT ADDED ENTRY--TOPICAL TERM |
| Topical Term |
BUSINESS & ECONOMICS / Entrepreneurship. |
| 700 1# - ADDED ENTRY--PERSONAL NAME |
| Personal name |
Penn, Kara. |
| 942 ## - ADDED ENTRY ELEMENTS (KOHA) |
| Koha item type |
សៀវភៅភាសាអង់គ្លេស |
| 952 ## - LOCATION AND ITEM INFORMATION (KOHA) |
| Withdrawn status [LOCAL, KOHA] |
0 |
| 952 ## - LOCATION AND ITEM INFORMATION (KOHA) |
| Withdrawn status [LOCAL, KOHA] |
0 |